El portafolio como herramienta de evaluación para el desarrollo de la comprensión lectora y producción escrita /

Esta investigación tiene como objetivo comprobar la eficacia de la utilización del portafolio, como principal herramienta de evaluación para el aprendizaje, en el nivel de desempeño en comprensión de lectura y producción escrita v/s las prácticas evaluativas tradicionales. La muestra estuvo formada...

Full description

Bibliographic Details
Main Author: Cifuentes Flores, Jorge Alejandro
Other Authors: Fuentes Fuentes, Raúl Arnaldo (profesor guía)
Format: Tesis
Language:Spanish
Published: Santiago, Chile Universidad Academia de Humanismo Cristiano 2012.
Subjects:
Online Access:Disponible en línea (PDF). Biblioteca Digital UAHC

MARC

LEADER 00000nmm a22000007a 4500
001 043656
003 UAHC_CL
005 20220808191643.0
008 121026s2012 cl o d 000 spa
040 |a UAHC_CL  |c UAHC_CL  |d UAHC_CL 
100 1 |a Cifuentes Flores, Jorge Alejandro 
245 1 3 |a El portafolio como herramienta de evaluación para el desarrollo de la comprensión lectora y producción escrita /  |c Jorge Alejandro Cifuentes Flores, profesor guía Raúl Arnaldo Fuentes Fuentes. 
260 |b Universidad Academia de Humanismo Cristiano  |a Santiago, Chile  |c 2012. 
300 |a 256 páginas. 
500 |a Tesis para optar al grado de Doctor en Educación. 
502 |a Tesis (Doctorado en Educación) -- Universidad Academia de Humanismo Cristiano, 2012. 
516 |a Tesis electrónica (PDF). Solicitar envío de documento a biblioteca@academia.cl. 
520 |a Esta investigación tiene como objetivo comprobar la eficacia de la utilización del portafolio, como principal herramienta de evaluación para el aprendizaje, en el nivel de desempeño en comprensión de lectura y producción escrita v/s las prácticas evaluativas tradicionales. La muestra estuvo formada por 128 estudiantes de ambos sexos de séptimo y octavo año básico de un colegio particular pagado de la ciudad de Concepción. Con ellos se llevó a cabo, durante el año 2010, una investigación cuasi experimental con un diseño de pre y post prueba con un grupo control y otro experimental. Los resultados obtenidos, mediante el análisis de covarianzas, corroboran la hipótesis de investigación, evidenciando una diferencia significativa en el post test del grupo experimental respecto al grupo control. Es decir, los estudiantes de séptimo y octavo año básico expuestos, durante un año académico, a la utilización del portafolio, obtienen un nivel de desempeño significativamente superior en promedio respecto a los estudiantes expuestos a las prácticas evaluativas tradicionales en comprensión de lectura y producción escrita.\Palabras Claves: Comprensión de Lectura, Producción Escrita, Portafolio, Evaluación para el Aprendizaje. 
650 4 |a COMPRENSION DE LECTURA 
653 |a DOCTORADO EN EDUCACION 
700 1 |a Fuentes Fuentes, Raúl Arnaldo  |e profesor guía 
856 |u http://bibliotecadigital.academia.cl/xmlui/handle/123456789/1154  |y Disponible en línea (PDF). Biblioteca Digital UAHC 
900 |a TDOED 21 
942 |c TS  |2 ddc 
952 |0 0  |1 0  |2 ddc  |4 0  |6 TDOED_21_000000000000000  |7 0  |8 COMP  |9 81218  |a BC  |b BC  |c Digital  |d 2017-08-03  |o TDOED 21  |r 2019-01-03 00:00:00  |w 2017-08-03  |y TS  |z Documento en PDF  |B DEDU 
999 |c 43656  |d 43656